[Event "Berlin Lichtenberger op 8th"]
[Site "Berlin"]
[Date "2009.08.22"]
[Round "8"]
[White "Strehlow, Horst"]
[Black "Smajic, Mirza"]
[Result "0-1"]
[WhiteElo "2069"]
[BlackElo "1721"]
[PlyCount "86"]
[EventDate "2009.08.15"]
[EventType "swiss"]
[EventRounds "9"]
[EventCountry "GER"]
[SourceTitle "CBM 131 Extra"]
[Source "ChessBase"]
[SourceDate "2009.09.03"]
[SourceVersion "2"]
[SourceVersionDate "2009.09.16"]
[SourceQuality "1"]

1. e4 d5 2. exd5 Qxd5 3. Nc3 Qa5 4. d4 c6 5. Bc4 Bf5 6. Qe2 Nf6 7. Nf3 e6 8. Bd2 Bb4 9. 0-0 Nbd7 10. a3 Bxc3 11. Bxc3 Qc7 12. Ne5 Nxe5 13. dxe5 Nd5 14. Bxd5 cxd5 15. Bb4 Rc8 16. Qe3 b6 17. Rac1 f6 18. Bd6 Qc4 19. Rfe1 Kf7 20. f3 h5 21. Re2 Rc6 22. Rd2 Rhc8 23. c3 Qb3 24. Re1 Rc4 25. h3 h4 26. Kh2 Qa4 27. Bb4 Qb3 28. Red1 Bc2 29. Rg1 a5 30. Bd6 Qxb2 31. Rxc2 Qxc2 32. Qxb6 Qxc3 33. Qb7+ R4c7 34. Bxc7 Qxc7 35. Qb5 Qxe5+ 36. Kh1 Qc3 37. Qd7+ Kf8 38. Qxe6 d4 39. Qd6+ Kg8 40. Rd1 Rc4 41. Qe6+ Kh8 42. Rb1 Rc8 43. Rb5 Qc1+ 0-1

[Event "Berlin Lichtenberger op 8th"]
[Site "Berlin"]
[Date "2009.08.21"]
[Round "7"]
[White "Smajic, Mirza"]
[Black "Hahn, Thomas"]
[Result "1-0"]
[WhiteElo "1721"]
[BlackElo "1826"]
[PlyCount "113"]
[EventDate "2009.08.15"]
[EventType "swiss"]
[EventRounds "9"]
[EventCountry "GER"]
[SourceTitle "CBM 131 Extra"]
[Source "ChessBase"]
[SourceDate "2009.09.03"]
[SourceVersion "2"]
[SourceVersionDate "2009.09.16"]
[SourceQuality "1"]

1. e4 d5 2. exd5 Qxd5 3. Nc3 Qa5 4. d4 Nf6 5. Bc4 Bf5 6. Nge2 e6 7. 0-0 c6 8. Ng3 Bd6 9. f4 Nbd7 10. Bd2 Bg4 11. Qe1 Qb6 12. Qe3 0-0 13. Nce4 Be7 14. Kh1 Rfe8 15. Rae1 c5 16. Bc3 Qc6 17. dxc5 Nxe4 18. Nxe4 Nxc5 19. Nxc5 Qxc5 20. Qg3 h5 21. Bxe6 fxe6 22. h3 Qf5 23. hxg4 hxg4 24. Re5 Qg6 25. Rfe1 Kf7 26. Kg1 Rac8 27. f5 exf5 28. Qf4 Bc5+ 29. Bd4 Rxe5 30. Rxe5 Bxd4+ 31. Qxd4 Qc6 32. Rxf5+ Kg8 33. Rg5 Rc7 34. Rxg4 Rd7 35. Qc4+ Qd5 36. Rd4 Qxc4 37. Rxc4 b5 38. Rc5 a6 39. Rc6 a5 40. Rc5 Rb7 41. b3 a4 42. b4 Kh7 43. Kf2 Kh6 44. Ke3 g5 45. g4 Re7+ 46. Kd3 Rd7+ 47. Kc3 Rb7 48. Kd4 Rf7 49. Rxb5 Rf4+ 50. Kd5 Rxg4 51. c4 Rg2 52. c5 g4 53. c6 g3 54. c7 Rd2+ 55. Ke4 g2 56. c8Q Rd4+ 57. Kf3 1-0

[Event "Berlin-ch U18 final"]
[Site "Berlin"]
[Date "2009.02.05"]
[Round "5.3"]
[White "Smajic, Mirza"]
[Black "Tran Viet, Linh"]
[Result "0-1"]
[WhiteElo "1598"]
[BlackElo "1634"]
[PlyCount "96"]
[EventDate "2009.02.01"]
[EventType "swiss"]
[EventRounds "7"]
[EventCountry "GER"]
[SourceTitle "EXT 2022"]
[Source "ChessBase"]
[SourceDate "2021.10.06"]
[SourceVersion "1"]
[SourceVersionDate "2021.10.06"]
[SourceQuality "1"]

1. e4 c5 2. Nf3 d6 3. d4 cxd4 4. Nxd4 Nf6 5. Nc3 g6 6. Be3 Bg7 7. f3 Nc6 8. Qd2 0-0 9. Bc4 Bd7 10. 0-0-0 Rc8 11. Bb3 Ne5 12. Bh6 Nc4 13. Bxc4 Rxc4 14. Bxg7 Kxg7 15. g4 h5 16. gxh5 Nxh5 17. Nf5+ Bxf5 18. exf5 Qa5 19. Qg5 Nf6 20. Rhg1 Rh8 21. Rg2 Rh5 22. Qe3 Qxf5 23. Qxa7 Qxf3 24. Rf2 Qc6 25. Qe3 Re5 26. Qf3 Qxf3 27. Rxf3 d5 28. Rfd3 e6 29. Nb5 Re2 30. R1d2 Re1+ 31. Rd1 Rxd1+ 32. Kxd1 Ne4 33. Rb3 f5 34. Na3 Rc7 35. Nb5 Rd7 36. Nc3 Nxc3+ 37. Rxc3 d4 38. Rc8 e5 39. a4 e4 40. b4 d3 41. cxd3 Rxd3+ 42. Ke2 f4 43. Re8 f3+ 44. Kf2 Rd2+ 45. Kf1 Rd4 46. Re7+ Kf6 47. Rxb7 e3 48. Rb8 Rd1# 0-1

[Event "Berlin-ch U18 final"]
[Site "Berlin"]
[Date "2009.02.02"]
[Round "2.4"]
[White "Stebel, Vincent"]
[Black "Smajic, Mirza"]
[Result "0-1"]
[WhiteElo "1134"]
[BlackElo "1598"]
[PlyCount "50"]
[EventDate "2009.02.01"]
[EventType "swiss"]
[EventRounds "7"]
[EventCountry "GER"]
[SourceTitle "EXT 2022"]
[Source "ChessBase"]
[SourceDate "2021.10.06"]
[SourceVersion "1"]
[SourceVersionDate "2021.10.06"]
[SourceQuality "1"]

1. d4 Nf6 2. c4 g6 3. Nc3 Bg7 4. Nf3 0-0 5. Bg5 d6 6. h3 Nbd7 7. e3 Re8 8. Be2 e5 9. dxe5 Nxe5 10. 0-0 h6 11. Nxe5 hxg5 12. Ng4 Nxg4 13. Bxg4 Bxc3 14. bxc3 Bxg4 15. Qxg4 f5 16. Qd1 Re5 17. Qb3 Rc5 18. Qxb7 Rb8 19. Qxa7 Rxc4 20. Qa3 g4 21. Rfd1 gxh3 22. g3 Qe8 23. Kh2 Qe4 24. Kxh3 Kg7 25. Rd4 Rh8# 0-1